| 000 | 01133nam a22003377a 4500 | ||
|---|---|---|---|
| 003 | CHAP | ||
| 005 | 20220329135309.0 | ||
| 008 | 971013s1979 r 00010 d | ||
| 010 | _a33966 | ||
| 011 | _a34938 | ||
| 035 | _a39054 | ||
| 040 | _cCHAP | ||
| 090 | _aTesis | ||
| 100 | 0 | 0 |
_aMéndez Magaña, Wilver. _976532 |
| 245 | _aPerspectivas de los mercados del exterior para algunas hortalizas mexicanas frescas | ||
| 260 |
_aMéxico, D.F. : _bEl auotr, _c1979 |
||
| 300 | _ac.a. 150 h | ||
| 502 | _aTesis (Lic. en Economía) -- UNAM. Fac. de Economía | ||
| 590 |
_aALEPH _b10 _c20130110 _lUCH01 _h1259 |
||
| 590 |
_aBATCH-UPD _b10 _c20130110 _lUCH01 _h0122 |
||
| 590 |
_aBATCH-UPD _b10 _c20130110 _lUCH01 _h1921 |
||
| 590 |
_aBATCH-UPD _b10 _c20130409 _lUCH01 _h2115 |
||
| 590 |
_aBATCH-UPD _b10 _c20130410 _lUCH01 _h1247 |
||
| 590 |
_aBATCH-UPD _b10 _c20130914 _lUCH01 _h1336 |
||
| 590 |
_aCONVERSION _b10 _c20130109 _lUCH01 _h1319 |
||
| 650 | 1 | 4 |
_aExportación e importación _zMéxico. _939119 |
| 650 | 1 | 4 |
_aLegumbres _xMercadeo _xMéxico. _965747 |
| 901 | _aBK | ||
| 942 | _cTESIS | ||
| 949 |
_bBC _cTES _d-89240 _eTS1 _h17946 _i39054 _si |
||
| 999 |
_c33966 _d33966 |
||